| 000 | 01073 a2200217 4500 | ||
|---|---|---|---|
| 020 | _a0071451013 | ||
| 040 |
_aDLC _bDLC |
||
| 082 | 0 | 4 | _a621.38456 |
| 100 | 1 | _aKasera, Sumit. | |
| 245 | 1 | 0 |
_a3G mobile networks : architecture, protocols and procedures : based on 3GPP specifications for UMTS WCDMA networks _barchitecture, protocols and procedures : based on 3GPP specifications for UMTS WCDMA networks _cSumit Kasera, Nishit Narang. |
| 260 |
_aNew York : _bMcGraw-Hill, _cc2005. |
||
| 300 |
_axxviii, 570 p. : _bill. ; _c25 cm. |
||
| 440 | 0 | _aMcGraw-Hill professional engineering. | |
| 650 | 0 | _aMobile communication systems. | |
| 650 | 0 | _aUniversal Mobile Telecommunications System. | |
| 700 | 1 | _aNarang, Nishit. | |
| 856 | 4 | 2 |
_3Contributor biographical information _uhttp://www.loc.gov/catdir/enhancements/fy0627/2005295933-b.html |
| 856 | 4 | 2 |
_3Publisher description _uhttp://www.loc.gov/catdir/enhancements/fy0627/2005295933-d.html |
| 856 | 4 | 2 |
_3Table of contents only _uhttp://www.loc.gov/catdir/enhancements/fy0627/2005295933-t.html |
| 942 |
_cBK _k621.38456 KAS _2ddc |
||
| 999 |
_c8402 _d8402 |
||